| 000 | 01482cam a22003974i 4500 | ||
|---|---|---|---|
| 003 | PE-LiUPU | ||
| 005 | 20250731175622.0 | ||
| 008 | 150623s r 000 0 d | ||
| 020 | _a0707307384 | ||
| 035 | _a(Sirsi) i9780707307381 | ||
| 040 |
_aPE-LiUPU _bspa _cPE-LiUPU _erda |
||
| 049 | _aPRUA | ||
| 082 | 0 | 4 |
_a419 _bW32 _221 |
| 100 | 1 |
_aWatterson, Barbara, _eautor. |
|
| 245 | 1 | 0 |
_aIntroducing Egyptian hieroglyphs / _cBarbara Watterson. |
| 264 | 1 |
_aEdinburgh : _bScottish Academic Press, _c1993. |
|
| 300 |
_a152 páginas : _bilustraciones, gráficos ; _c21 centímetros |
||
| 336 |
_atext _2rdacontent |
||
| 337 |
_aunmediated _2rdamedia |
||
| 338 |
_avolume _2rdacarrier |
||
| 504 | _aIncluye bibliografía. | ||
| 505 | 0 | _aNapoleon's expedition to Egypt. -The decipherment of hieroglyphs. -How writting began. -Writting in Egypt. -The language of the ancient Egyptians. -Grammar and excercises. | |
| 526 | _aP145 | ||
| 526 | _aP127 | ||
| 526 | _aP97 | ||
| 526 | _aP35 | ||
| 526 | _aP14 | ||
| 526 | _aP07 | ||
| 650 | 0 | 4 |
_aJeroglíficos _zEgipto. |
| 942 |
_2ddc _cBOOK |
||
| 949 |
_a419 W32 _wDEWEY _c1 _i44879 _lCCODEBUL1 _mBUL _r0 _sY _tBOOK _u2015-6-24 _xTEOLOGIA _PP35 _0COMPRA _o.STAFF. Colección General |
||
| 994 |
_aC0 _bPEPRU |
||
| 596 | _a1 | ||
| 999 |
_a419 W32 _wDEWEY _c21755 _i44879 _f2021-11-8 _g5 _lCCODEBUL1 _mBUL _r0 _sY _tBOOK _u2015-6-24 _xEDUCACION _PP35 _0COMPRA _o.STAFF. Colección General _d21755 |
||
| 980 |
_81 _gALBERTO SANCHEZ Responsable de Automatización |
||